[Event "5th EKA IIFL Investment 2019"]
[Site "Mumbai"]
[Date "2019.12.31"]
[Round "2.32"]
[White "Subhayan Kundu"]
[Black "Chanda, Sandipan"]
[Result "1/2-1/2"]
[WhiteElo "2222"]
[BlackElo "2545"]
[Annotator "TA"]
[PlyCount "150"]
[EventDate "2019.12.30"]
[EventType "swiss"]
[EventCountry "IND"]
[SourceTitle "playchess.com"]
[Source "ChessBase"]
[SourceQuality "1"]

{[%evp 11,150,7,14,18,4,10,7,14,10,18,13,9,14,6,6,6,6,7,8,7,0,10,27,6,14,2,50,45,59,37,23,33,62,45,44,41,58,48,35,0,0,0,0,0,0,-17,47,0,0,0,0,0,0,0,0,0,0,0,0,0,0,-11,0,-14,0,0,0,-8,0,0,-8,-4,0,-7,0,0,0,-8,0,-8,0,0,0,0,-8,-8,-8,-8,-19,-29,-29,-45,-45,-45,-45,-45,-45,-45,-8,-8,-8,-8,-8,-8,-8,-8,0,-8,-14,-22,-22,-22,-22,-22,-22,-22,-22,-22,0,-8,-11,-21,0,0,0,0,0,0,0,0,0,0,0,0,0,0,0,0,0,0,0]} 1. e4 c5 2. Nf3 d6 3. d4 cxd4 4. Nxd4 Nf6 5. f3 e5 6. Nb3 d5 7. Bg5 {B55: Sicilian: 2...d6 3 d4 cxd4 4 Nxd4 Nf6 5 f3} d4 (7... Be6 8. Bxf6 gxf6 9. exd5 Qxd5 10. Qxd5 Bxd5 11. Nc3 Be6 12. Nb5 Kd8 13. O-O-O+ Kc8 14. Nc3 Nd7 15. Nd5 h5 16. Bb5 Bxd5 17. Bxd7+ Kxd7 18. Rxd5+ Ke6 19. Rhd1 h4 20. Kb1 Rg8 21. c4 Rxg2 22. Nd4+ Ke7 23. f4 Rxh2 24. Nf5+ Ke6 25. Nd4+ Ke7 26. Nf5+ Ke6 {½-½ (26) Nabaty,T (2690)-Sjugirov,S (2652) Batumi 2018}) 8. c3 {[%cal Rc3d4]} Nc6 9. Bb5 h6 10. Bxf6 Qxf6 11. cxd4 Bb4+ 12. Nc3 O-O {[%cal Re5d4]} 13. Bxc6 bxc6 14. dxe5 Qxe5 15. Qd4 $146 Qe7 $1 16. O-O-O Be6 17. Kb1 Rab8 18. Na4 Rb5 19. Qd3 $1 Bxb3 20. axb3 Rfb8 21. Qc4 Qg5 22. g3 Be7 23. Rd3 Qf6 24. Rc1 c5 $1 {[%cal Bc6c5,Bc5c4][%mdl 32]} 25. f4 Rb4 26. e5 Qg6 27. Qc2 c4 $1 {[%cal Rc4d3]} 28. Rd7 Qxc2+ (28... Qe6 $1 $11 29. Rxa7 cxb3) 29. Rxc2 cxb3 30. Rcc7 Rxa4 31. Rxe7 $11 {[%mdl 4096] Endgame KRR-KRR} Rd8 32. Red7 Rxd7 33. Rxd7 {KR-KR} Re4 {[#] ( -> ...Re1+)} 34. Kc1 Rc4+ 35. Kd1 a5 36. Ke2 a4 37. Ke3 Kh7 38. Ra7 ({Avoid the trap} 38. Rxf7 $2 a3 $19) 38... Rc2 39. h4 Rxb2 40. Rxa4 Rb1 41. Rb4 b2 42. Kd2 Rg1 43. Rxb2 Rxg3 44. Rb6 Rf3 45. Rb4 Kg6 46. Ke2 Rg3 47. Rb7 h5 48. Kf2 Rg4 49. Ke3 Rxh4 50. Rb6+ f6 51. exf6 gxf6 52. Kf3 Rh3+ 53. Kg2 Re3 54. Rb5 h4 55. Ra5 {The position is equal.} Rg3+ 56. Kf2 Rg4 {Black wants to play ...h3.} 57. Kf3 $1 {[%cal Rf3g4]} f5 58. Rb5 Rg1 59. Kf2 Ra1 60. Rb8 Kh5 61. Rg8 $1 h3 {[#] White must now prevent ...h2.} 62. Kf3 $1 Ra3+ 63. Kf2 Kh4 {Strongly threatening ...Rc3.} 64. Rg7 Ra1 {Hoping for ...h2.} 65. Kf3 $1 {[%cal Rg7h7]} Rf1+ (65... Kh5 $5) 66. Ke3 $1 h2 67. Rh7+ Kg3 68. Rg7+ Kh3 (68... Kh4 $5 69. Rh7+ $8 Kg4 70. Rxh2 Rf3+ 71. Ke2 Rc3 $11) 69. Rh7+ Kg2 (69... Kg3 $5 70. Rg7+ $8 Kh4 71. Rh7+ Kg3 $11) 70. Rg7+ Kh1 {aiming for ...Rg1.} (70... Kh3 $5 71. Rh7+ $8 Kg4 72. Rg7+ Kh3 $11) 71. Ra7 Rb1 (71... Kg1 $5 72. Rg7+ $8 Kh1 $11) 72. Kf2 $1 Rb2+ 73. Kf3 {Intending Ra1+ and mate.} Rg2 74. Ra1+ Rg1 75. Ra8 Rf1+ {Accuracy: White = 74%, Black = 68%.} 1/2-1/2

[Event "5th EKA IIFL Investment 2019"]
[Site "Mumbai"]
[Date "2019.12.31"]
[Round "2.33"]
[White "David, Alberto"]
[Black "Raahul V S"]
[Result "1-0"]
[WhiteElo "2545"]
[BlackElo "2252"]
[Annotator "TA"]
[PlyCount "55"]
[EventDate "2019.12.30"]
[EventType "swiss"]
[EventCountry "IND"]
[SourceTitle "playchess.com"]
[Source "ChessBase"]
[SourceQuality "1"]

{[%evp 27,55,39,56,51,111,86,79,81,107,96,172,131,122,120,129,118,161,170,219,197,282,274,274,281,283,281,257,268,29998,29999]} 1. Nf3 d5 2. d4 Nf6 3. c4 c6 4. Nc3 e6 5. Bg5 Nbd7 6. cxd5 exd5 7. Qc2 Be7 8. e3 O-O 9. Bd3 Re8 10. h3 Nf8 11. Bf4 Ng6 12. Bh2 Bd6 13. Bxd6 Qxd6 14. O-O-O Be6 15. Kb1 {D36: Queen's Gambit Declined: Exchange Variation: Main line (5 Bg5 c6 6 Qc2)} Ne4 (15... Rac8 $14) (15... b6 16. Ng5 Bd7 17. h4 Nf8 18. e4 dxe4 19. Ncxe4 Nxe4 20. Bxe4 g6 21. d5 c5 22. Bd3 h5 {½-½ (51) Bauer,C (2650)-Maze,S (2612) Agen 2017}) 16. Bxe4 $146 ({Predecessor:} 16. Nxe4 dxe4 17. Bxe4 Bxa2+ 18. Kxa2 Qe6+ 19. d5 Qxe4 20. Qxe4 Rxe4 21. dxc6 bxc6 22. Rd7 Nf8 23. Rxf7 {1-0 (39) Krivoshey,S (2487)-Hoenick,A (2144) Schwaebisch Gmuend 2005}) 16... dxe4 {[#]} 17. Ng5 $1 {White is better.} f5 {[#]} 18. g4 $1 {[%mdl 512]} h6 (18... Ne7 $16 {is a better defense.}) (18... fxg4 19. Ncxe4) 19. Nxe6 Qxe6 20. gxf5 Qxf5 21. Rhg1 Kh7 22. Rg4 h5 23. Rxe4 Qxh3 (23... Kh6 {might work better.} 24. Rxe8 Qxc2+ 25. Kxc2 Rxe8) 24. Rg1 $18 {[%cal Bd1g1,Bg1g5,Bg5h5][%mdl 32] Hoping for Rxe8.} ({Not} 24. Rxe8 Rxe8 25. Rg1 Re6 $16) 24... Qf5 25. f4 {Rg5 is the strong threat.} Kh6 26. Rg5 Qf7 27. Qg2 {White wants to mate with Rxh5+!} (27. Rxe8 Rxe8 28. Qg2 Ne7 $16) 27... Rxe4 $2 {[#]} (27... Nf8 $18 28. f5 g6) 28. Rxh5+ $1 {[%mdl 576] Clearance. Accuracy: White = 89%, Black = 13%.} 1-0

[Event "5th EKA IIFL Investment 2019"]
[Site "Mumbai"]
[Date "2019.12.31"]
[Round "2.34"]
[White "Sapaev, Maksad"]
[Black "Rios, Cristhian Camilo"]
[Result "0-1"]
[WhiteElo "2250"]
[BlackElo "2505"]
[Annotator "TA"]
[PlyCount "58"]
[EventDate "2019.12.30"]
[EventType "swiss"]
[EventCountry "IND"]
[SourceTitle "playchess.com"]
[Source "ChessBase"]
[SourceQuality "1"]

{[%evp 14,90,26,-16,-17,-17,-30,0,-14,-29,-20,-25,18,17,33,-24,-17,-44,0,0,0,0,0,0,27,0,3,12,31,18,11,0,0,-112,-120,-114,-136,-205,-203,-199,-189,-187,-181,-191,-181,-183,-179,-315,-187,-372,-379,-377,-368,-366,-340,-361,-338,-501,-506,-458,-473,-470,-464,-610,-620,-670,-666,-643,-585,-625,-621,-811,-776,-4902,-4898,-2031,-1943,-2360,-1022]} 1. e4 c5 2. Nf3 d6 3. d4 cxd4 4. Nxd4 Nf6 5. Nc3 a6 6. h3 e6 7. g4 h6 8. Be3 b5 {B81: Sicilian Scheveningen: Keres Attack} 9. Bg2 {Strongly threatening e5!} Bb7 10. a3 Nbd7 {The position is equal.} 11. O-O Nc5 12. f3 e5 $146 ({Predecessor:} 12... Be7 13. Qd2 Qc7 14. Rae1 Rd8 15. h4 d5 16. e5 {0-1 (51) Bersamina,P (2361)-Smirnov,P (2617) Olongapo City 2015}) 13. Nde2 Be7 14. b4 (14. Qd2 $14) 14... Ne6 $11 15. Nd5 Nxd5 (15... O-O {keeps more tension.} 16. Qd2 Re8 17. a4 Nxd5 18. exd5 Nf4) 16. exd5 Bg5 17. Bxg5 Nxg5 18. f4 exf4 19. Rxf4 O-O 20. Qd3 Qb6+ 21. Kh2 Rae8 22. Nd4 Re5 23. Nc6 {[#]} (23. c4 $11 {remains equal.}) 23... Bxc6 $1 $17 24. dxc6 {[#]} d5 $1 {[%mdl 512]} 25. h4 (25. Rf5 $17 {might work better.} Rxf5 26. Qxf5) (25. Bxd5 Rd8) 25... Ne6 $19 26. Rf5 Rxf5 27. Qxf5 Qxc6 28. Rf1 Qd6+ 29. Kh1 Qe7 {Played: Qd6-g3} 0-1

[Event "5th EKA IIFL Investment 2019"]
[Site "Mumbai"]
[Date "2019.12.31"]
[Round "2.35"]
[White "Shyaamnikhil P"]
[Black "Varun, Vij"]
[Result "1-0"]
[WhiteElo "2455"]
[BlackElo "1964"]
[Annotator "ChessBase"]
[PlyCount "69"]
[EventDate "2019.12.30"]
[EventType "swiss"]
[EventCountry "IND"]
[SourceTitle "playchess.com"]
[Source "ChessBase"]
[SourceQuality "1"]
[TimeControl "40/5400+30:1800+30"]

1. d4 {[%emt 0:00:00]} Nf6 {[%emt 0:00:00]} 2. Nf3 {[%emt 0:00:03]} g6 {[%emt 0:00:25]} 3. g3 {[%emt 0:00:17]} Bg7 {[%emt 0:00:06]} 4. Bg2 {[%emt 0:00:04]} O-O {[%emt 0:00:14]} 5. O-O {[%emt 0:00:05]} d6 {[%emt 0:00:11]} 6. a4 {[%emt 0:00:10]} c6 {[%emt 0:02:22]} 7. Re1 {[%emt 0:00:45]} Nbd7 {[%emt 0:00:33]} 8. e4 {[%emt 0:00:21]} e5 {[%emt 0:00:07]} 9. c3 {[%emt 0:01:15]} Qc7 {[%emt 0:01:07]} 10. Nbd2 {[%emt 0:02:46]} Re8 {[%emt 0:00:35]} 11. a5 {[%emt 0:03:13]} Rb8 {[%emt 0:04:54]} 12. Nc4 {[%emt 0:05:00]} b5 {[%emt 0:08:56]} 13. axb6 {[%emt 0:04:09]} axb6 {[%emt 0:00:03]} 14. dxe5 {[%emt 0:03:30]} dxe5 {[%emt 0:00:07]} 15. Nd6 {[%emt 0:08:54]} Re6 {[%emt 0:00:48]} 16. Nxc8 {[%emt 0:06:14]} Rxc8 {[%emt 0:00:10]} 17. b4 {[%emt 0:04:17]} b5 {[%emt 0:01:27]} 18. Qe2 {[%emt 0:01:33]} Ree8 {[%emt 0:01:55]} 19. Nd2 {[%emt 0:05:22]} Bf8 {[%emt 0:01:15]} 20. Nb3 {[%emt 0:01:52]} c5 {[%emt 0:03:41]} 21. bxc5 {[%emt 0:00:16]} Nxc5 {[%emt 0:00:11]} 22. Nxc5 {[%emt 0:00:04]} Qxc5 {[%emt 0:00:59]} 23. Bd2 {[%emt 0:01:47]} Red8 {[%emt 0:07:57]} 24. Reb1 {[%emt 0:05:50]} Rb8 {[%emt 0:02:53]} 25. Bg5 {[%emt 0:09:10]} Rd6 {[%emt 0:00:56]} 26. Rb3 {[%emt 0:01:30]} Ne8 {[%emt 0:03:08]} 27. Be3 {[%emt 0:02:19]} Qc6 {[%emt 0:01:41]} 28. Rab1 {[%emt 0:06:03]} Rdd8 {[%emt 0:06:40]} 29. Rxb5 {[%emt 0:01:38]} Rxb5 {[%emt 0:00:06]} 30. Qxb5 {[%emt 0:00:09]} Qxc3 {[%emt 0:07:49]} 31. Rc1 {[%emt 0:00:42]} Qd3 {[%emt 0:00:02]} 32. Qxe5 {[%emt 0:01:16]} Bg7 {[%emt 0:00:48]} 33. Qa5 {[%emt 0:01:37]} Nf6 {[%emt 0:01:13]} 34. Bf1 {[%emt 0:03:11]} Qd7 {[%emt 0:00:49]} 35. Bb5 {[%emt 0:00:25]} 1-0

[Event "5th EKA IIFL Investment 2019"]
[Site "Mumbai"]
[Date "2019.12.31"]
[Round "2.36"]
[White "Pandey Srishti"]
[Black "Koustav Chatterjee"]
[Result "1/2-1/2"]
[WhiteElo "2162"]
[BlackElo "2447"]
[Annotator "ChessBase"]
[PlyCount "81"]
[EventDate "2019.12.30"]
[EventType "swiss"]
[EventCountry "IND"]
[SourceTitle "playchess.com"]
[Source "ChessBase"]
[SourceQuality "1"]
[TimeControl "40/5400+30:1800+30"]

1. d4 {[%emt 0:00:00]} Nf6 {[%emt 0:00:00]} 2. Nf3 {[%emt 0:00:00]} g6 {[%emt 0:00:00]} 3. c4 {[%emt 0:00:09]} Bg7 {[%emt 0:00:00]} 4. Nc3 {[%emt 0:00:49]} d5 {[%emt 0:00:15]} 5. Bf4 {[%emt 0:00:15]} O-O {[%emt 0:00:08]} 6. e3 {[%emt 0:00:02]} c5 {[%emt 0:00:09]} 7. dxc5 {[%emt 0:00:05]} Ne4 {[%emt 0:00:06]} 8. Rc1 {[%emt 0:00:09]} Nd7 {[%emt 0:00:39]} 9. cxd5 {[%emt 0:01:37]} Qa5 {[%emt 0:00:21]} 10. Nd2 {[%emt 0:11:26]} Nxc3 {[%emt 0:14:31]} 11. bxc3 {[%emt 0:00:15]} Qxa2 {[%emt 0:01:20]} 12. Bc4 {[%emt 0:32:16]} Qa3 {[%emt 0:01:34]} 13. O-O {[%emt 0:05:34]} Qxc5 {[%emt 0:07:09]} 14. Bb3 {[%emt 0:04:31]} b5 {[%emt 0:21:55]} 15. c4 {[%emt 0:07:50]} Qb4 {[%emt 0:04:20]} 16. cxb5 {[%emt 0:03:32]} Nc5 {[%emt 0:00:06]} 17. Bc4 {[%emt 0:02:55]} Bf5 {[%emt 0:08:10]} 18. d6 {[%emt 0:07:23]} Nd3 {[%emt 0:10:08]} 19. e4 {[%emt 0:05:26]} Nxc1 {[%emt 0:03:22]} 20. exf5 {[%emt 0:00:15]} Nd3 {[%emt 0:00:05]} 21. dxe7 {[%emt 0:04:11]} Rfe8 {[%emt 0:05:59]} 22. Bg5 {[%emt 0:02:25]} Ne5 {[%emt 0:02:39]} 23. Bd5 {[%emt 0:00:04]} Rab8 {[%emt 0:00:55]} 24. Nf3 {[%emt 0:04:30]} Rxe7 {[%emt 0:07:09]} 25. Bxe7 {[%emt 0:00:15]} Qxe7 {[%emt 0:00:04]} 26. fxg6 {[%emt 0:00:42]} hxg6 {[%emt 0:00:12]} 27. Nxe5 {[%emt 0:01:09]} Bxe5 {[%emt 0:00:04]} 28. Qg4 {[%emt 0:02:32]} Kg7 {[%emt 0:00:39]} 29. Bc6 {[%emt 0:00:01]} Qf6 {[%emt 0:01:09]} 30. g3 {[%emt 0:03:30]} Bd4 {[%emt 0:00:46]} 31. Qe2 {[%emt 0:00:25]} Rd8 {[%emt 0:00:14]} 32. Qf3 {[%emt 0:00:44]} Bb6 {[%emt 0:00:48]} 33. Kg2 {[%emt 0:00:37]} Qb2 {[%emt 0:00:40]} 34. Bd5 {[%emt 0:00:32]} Rd7 {[%emt 0:00:19]} 35. Qb3 {[%emt 0:00:40]} Qd4 {[%emt 0:00:18]} 36. Bf3 {[%emt 0:00:10]} Rc7 {[%emt 0:00:27]} 37. Bc6 {[%emt 0:00:07]} Re7 {[%emt 0:00:25]} 38. Qd1 {[%emt 0:00:33]} Qb2 {[%emt 0:00:12]} 39. Qa1 {[%emt 0:00:11]} Qxa1 {[%emt 0:00:03]} 40. Rxa1 {[%emt 0:00:00]} Re2 {[%emt 0:00:00]} 41. Rf1 {[%emt 0:00:04]} 1/2-1/2

[Event "5th EKA IIFL Investment 2019"]
[Site "Mumbai"]
[Date "2019.12.31"]
[Round "2.37"]
[White "Rahman, Ziaur"]
[Black "Manish Kumar"]
[Result "1-0"]
[WhiteElo "2440"]
[BlackElo "2168"]
[Annotator "ChessBase"]
[PlyCount "141"]
[EventDate "2019.12.30"]
[EventType "swiss"]
[EventCountry "IND"]
[SourceTitle "playchess.com"]
[Source "ChessBase"]
[SourceQuality "1"]
[TimeControl "40/5400+30:1800+30"]

1. c4 {[%emt 0:00:00]} Nf6 {[%emt 0:00:00]} 2. Nf3 {[%emt 0:00:24]} g6 {[%emt 0:00:00]} 3. b3 {[%emt 0:00:10]} Bg7 {[%emt 0:00:00]} 4. Bb2 {[%emt 0:00:04]} O-O {[%emt 0:00:00]} 5. g3 {[%emt 0:00:02]} d5 {[%emt 0:00:39]} 6. Bg2 {[%emt 0:00:41]} c5 {[%emt 0:01:08]} 7. cxd5 {[%emt 0:00:12]} Nxd5 {[%emt 0:00:12]} 8. Bxg7 {[%emt 0:00:34]} Kxg7 {[%emt 0:00:03]} 9. O-O {[%emt 0:00:23]} Nc6 {[%emt 0:00:57]} 10. d4 {[%emt 0:00:45]} cxd4 {[%emt 0:05:50]} 11. Nxd4 {[%emt 0:00:49]} Nxd4 {[%emt 0:00:55]} 12. Qxd4+ {[%emt 0:00:07]} Nf6 {[%emt 0:00:03]} 13. Qe5 {[%emt 0:00:24]} Qd6 {[%emt 0:10:21]} 14. Qxd6 {[%emt 0:00:13]} exd6 {[%emt 0:00:01]} 15. Nc3 {[%emt 0:00:37]} Rd8 {[%emt 0:05:03]} 16. Rfd1 {[%emt 0:02:17]} Ne8 {[%emt 0:02:58]} 17. Rd4 {[%emt 0:03:16]} Kf8 {[%emt 0:05:03]} 18. Rad1 {[%emt 0:01:22]} Ke7 {[%emt 0:00:29]} 19. Nd5+ {[%emt 0:04:57]} Kf8 {[%emt 0:00:09]} 20. Ne3 {[%emt 0:01:02]} Rb8 {[%emt 0:03:36]} 21. Nc4 {[%emt 0:01:12]} Ke7 {[%emt 0:00:02]} 22. Na5 {[%emt 0:01:04]} Rd7 {[%emt 0:03:45]} 23. Rb4 {[%emt 0:06:53]} Kf8 {[%emt 0:01:03]} 24. Rc4 {[%emt 0:09:09]} Re7 {[%emt 0:01:57]} 25. Rdc1 {[%emt 0:06:10]} Bd7 {[%emt 0:02:11]} 26. e3 {[%emt 0:01:09]} b6 27. Nc6 {[%emt 0:01:10]} Bxc6 {[%emt 0:01:10]} 28. Rxc6 {[%emt 0:00:24]} Rbb7 {[%emt 0:01:06]} 29. R6c4 {[%emt 0:04:43]} Rbc7 {[%emt 0:00:12]} 30. Bc6 {[%emt 0:00:22]} Re5 {[%emt 0:03:03]} 31. b4 {[%emt 0:05:24]} Ke7 {[%emt 0:02:28]} 32. e4 {[%emt 0:03:33]} Kd8 {[%emt 0:02:43]} 33. f4 {[%emt 0:01:24]} Re6 {[%emt 0:01:10]} 34. Rd1 {[%emt 0:06:12]} Kc8 {[%emt 0:12:31]} 35. e5 {[%emt 0:01:54]} f6 {[%emt 0:02:27]} 36. exf6 {[%emt 0:11:22]} Nxf6 {[%emt 0:00:13]} 37. b5 {[%emt 0:00:17]} Kd8 {[%emt 0:03:04]} 38. h3 {[%emt 0:01:21]} Ke7 {[%emt 0:01:11]} 39. g4 {[%emt 0:00:25]} Nd7 {[%emt 0:03:20]} 40. Rcd4 {[%emt 0:00:00]} Nc5 {[%emt 0:00:00]} 41. Kf2 {[%emt 0:03:47]} a6 {[%emt 0:13:52]} 42. Bd5 {[%emt 0:01:30]} Rf6 {[%emt 0:00:46]} 43. Re1+ {[%emt 0:02:12]} Kf8 {[%emt 0:07:52]} 44. bxa6 {[%emt 0:11:47]} Nxa6 {[%emt 0:01:39]} 45. g5 {[%emt 0:00:24]} Rf5 {[%emt 0:00:19]} 46. Be6 {[%emt 0:00:36]} Rc2+ {[%emt 0:02:26]} 47. Kg1 {[%emt 0:00:21]} Rfc5 {[%emt 0:06:49]} 48. Rxd6 {[%emt 0:01:01]} Rc1 {[%emt 0:00:07]} 49. Rd8+ {[%emt 0:05:17]} Ke7 {[%emt 0:00:44]} 50. Rd7+ {[%emt 0:00:05]} Ke8 {[%emt 0:00:02]} 51. Rdd1 {[%emt 0:00:52]} Rxd1 {[%emt 0:00:06]} 52. Rxd1 {[%emt 0:00:03]} Ke7 {[%emt 0:00:37]} 53. Bg8 {[%emt 0:01:35]} Rc7 {[%emt 0:01:48]} 54. Bxh7 {[%emt 0:01:23]} Rc4 {[%emt 0:00:54]} 55. Rf1 {[%emt 0:03:20]} Kf7 {[%emt 0:00:10]} 56. f5 {[%emt 0:00:05]} gxf5 {[%emt 0:00:04]} 57. Bxf5 {[%emt 0:00:07]} Kg7 {[%emt 0:00:05]} 58. Kg2 {[%emt 0:06:30]} Nc5 {[%emt 0:00:34]} 59. Kg3 {[%emt 0:02:12]} Ne4+ {[%emt 0:00:25]} 60. Bxe4 {[%emt 0:00:14]} Rxe4 {[%emt 0:00:01]} 61. Rf6 {[%emt 0:01:22]} b5 {[%emt 0:00:26]} 62. h4 {[%emt 0:00:13]} Ra4 {[%emt 0:00:03]} 63. Rb6 {[%emt 0:00:12]} Rxa2 {[%emt 0:00:29]} 64. Rxb5 {[%emt 0:00:27]} Ra4 {[%emt 0:00:17]} 65. Rf5 {[%emt 0:00:17]} Kg6 {[%emt 0:00:44]} 66. Rf6+ {[%emt 0:00:05]} Kg7 {[%emt 0:00:01]} 67. Rf4 {[%emt 0:00:09]} Ra5 {[%emt 0:00:52]} 68. Kg4 {[%emt 0:00:08]} Ra1 {[%emt 0:00:16]} 69. Rb4 {[%emt 0:00:33]} Ra7 {[%emt 0:00:06]} 70. h5 {[%emt 0:00:15]} Rc7 {[%emt 0:00:26]} 71. h6+ {[%emt 0:00:14]} 1-0

[Event "5th EKA IIFL Investment 2019"]
[Site "Mumbai"]
[Date "2019.12.31"]
[Round "2.38"]
[White "Patil, Pratik"]
[Black "Khusenkhojaev, Muhammad"]
[Result "1/2-1/2"]
[WhiteElo "2167"]
[BlackElo "2427"]
[Annotator "ChessBase"]
[PlyCount "168"]
[EventDate "2019.12.30"]
[EventType "swiss"]
[EventCountry "IND"]
[SourceTitle "playchess.com"]
[Source "ChessBase"]
[SourceQuality "1"]
[TimeControl "40/5400+30:1800+30"]

1. e4 {[%emt 0:00:00]} e5 {[%emt 0:00:00]} 2. Nf3 {[%emt 0:00:00]} Nc6 {[%emt 0:00:00]} 3. Bb5 {[%emt 0:00:00]} a6 {[%emt 0:00:05]} 4. Ba4 {[%emt 0:00:00]} Nf6 {[%emt 0:00:04]} 5. O-O {[%emt 0:00:18]} Be7 {[%emt 0:00:06]} 6. Re1 {[%emt 0:00:11]} b5 {[%emt 0:00:07]} 7. Bb3 {[%emt 0:00:04]} d6 {[%emt 0:00:04]} 8. c3 {[%emt 0:00:06]} O-O {[%emt 0:00:05]} 9. h3 {[%emt 0:00:09]} Nb8 {[%emt 0:00:08]} 10. d4 {[%emt 0:00:20]} Nbd7 {[%emt 0:00:05]} 11. Nbd2 {[%emt 0:00:27]} Bb7 {[%emt 0:00:08]} 12. Bc2 {[%emt 0:00:07]} Re8 {[%emt 0:00:05]} 13. Nf1 {[%emt 0:00:27]} Bf8 {[%emt 0:00:07]} 14. Ng3 {[%emt 0:00:40]} g6 {[%emt 0:00:07]} 15. Bg5 {[%emt 0:03:40]} h6 {[%emt 0:00:09]} 16. Bd2 {[%emt 0:00:04]} c5 {[%emt 0:00:16]} 17. d5 {[%emt 0:17:15]} c4 {[%emt 0:00:08]} 18. b3 {[%emt 0:01:23]} Qc7 {[%emt 0:07:05]} 19. Qe2 {[%emt 0:14:47]} Rec8 {[%emt 0:07:26]} 20. Reb1 {[%emt 0:09:26]} Nb6 {[%emt 0:11:29]} 21. Nf1 {[%emt 0:00:59]} Nfd7 {[%emt 0:00:57]} 22. Ne3 {[%emt 0:00:33]} h5 {[%emt 0:03:33]} 23. bxc4 {[%emt 0:07:36]} Nxc4 {[%emt 0:05:06]} 24. Nxc4 {[%emt 0:00:29]} Qxc4 {[%emt 0:00:04]} 25. Qxc4 {[%emt 0:21:53]} Rxc4 {[%emt 0:00:56]} 26. Ne1 {[%emt 0:01:51]} Kh7 {[%emt 0:09:22]} 27. a4 {[%emt 0:06:28]} Nc5 {[%emt 0:09:36]} 28. f3 {[%emt 0:05:08]} Bh6 {[%emt 0:02:12]} 29. Bxh6 {[%emt 0:01:24]} Kxh6 {[%emt 0:00:03]} 30. axb5 {[%emt 0:00:08]} Rxc3 {[%emt 0:00:09]} 31. bxa6 {[%emt 0:00:53]} Rxa6 {[%emt 0:01:02]} 32. Rxa6 {[%emt 0:00:41]} Bxa6 {[%emt 0:00:04]} 33. Kf2 {[%emt 0:00:14]} Rxc2+ {[%emt 0:28:18]} 34. Nxc2 {[%emt 0:00:25]} Bd3 {[%emt 0:00:03]} 35. Rb2 {[%emt 0:05:49]} Bxe4 {[%emt 0:00:05]} 36. Nb4 {[%emt 0:00:45]} Bf5 {[%emt 0:01:20]} 37. g4 {[%emt 0:00:23]} hxg4 {[%emt 0:00:14]} 38. hxg4 {[%emt 0:00:10]} Bc8 {[%emt 0:05:25]} 39. Ke3 {[%emt 0:01:58]} Kg5 {[%emt 0:02:29]} 40. Ra2 {[%emt 0:00:00]} Bb7 {[%emt 0:00:00]} 41. Rh2 {[%emt 0:09:57]} Kf6 {[%emt 0:10:45]} 42. Rh8 {[%emt 0:04:05]} Nd7 {[%emt 0:06:50]} 43. Nc6 {[%emt 0:06:39]} Kg5 {[%emt 0:00:52]} 44. Rd8 {[%emt 0:06:14]} Nf6 {[%emt 0:05:06]} 45. Rxd6 {[%emt 0:01:19]} Nxd5+ {[%emt 0:00:10]} 46. Rxd5 {[%emt 0:01:35]} Bxc6 {[%emt 0:00:05]} 47. Rxe5+ {[%emt 0:00:09]} Kf6 {[%emt 0:00:15]} 48. Ra5 {[%emt 0:01:14]} Bd7 {[%emt 0:01:23]} 49. Ra6+ {[%emt 0:00:12]} Kg5 {[%emt 0:00:50]} 50. Rd6 {[%emt 0:02:37]} Be6 {[%emt 0:00:21]} 51. Ke4 {[%emt 0:00:27]} Kf6 {[%emt 0:00:09]} 52. Ra6 {[%emt 0:01:10]} g5 {[%emt 0:00:14]} 53. Rb6 {[%emt 0:01:32]} Ke7 {[%emt 0:00:06]} 54. Rb7+ {[%emt 0:01:08]} Kf6 {[%emt 0:00:13]} 55. Rb5 {[%emt 0:01:14]} Bd7 {[%emt 0:00:11]} 56. Rc5 {[%emt 0:00:12]} Be6 {[%emt 0:00:17]} 57. Rc7 {[%emt 0:00:17]} Bb3 {[%emt 0:00:26]} 58. Rc1 {[%emt 0:01:02]} Be6 {[%emt 0:00:07]} 59. Rh1 {[%emt 0:00:09]} Ke7 {[%emt 0:02:06]} 60. Rh7 {[%emt 0:00:49]} Kf6 {[%emt 0:00:04]} 61. Rh6+ {[%emt 0:00:24]} Kg7 {[%emt 0:00:41]} 62. Rh2 {[%emt 0:00:17]} f6 {[%emt 0:00:26]} 63. Rb2 {[%emt 0:00:17]} Kf7 {[%emt 0:00:07]} 64. Rb6 {[%emt 0:00:13]} Ke7 {[%emt 0:00:05]} 65. Kd4 {[%emt 0:00:17]} Kf7 {[%emt 0:00:06]} 66. Kc5 {[%emt 0:00:15]} Ke7 {[%emt 0:00:19]} 67. Rb7+ {[%emt 0:00:11]} Kf8 {[%emt 0:00:17]} 68. Kd6 {[%emt 0:00:34]} Bc4 {[%emt 0:00:06]} 69. Rb4 {[%emt 0:00:52]} Ba2 {[%emt 0:01:25]} 70. Ra4 {[%emt 0:01:36]} Bb3 {[%emt 0:00:07]} 71. Rb4 {[%emt 0:00:20]} Ba2 {[%emt 0:00:11]} 72. f4 {[%emt 0:00:30]} gxf4 {[%emt 0:00:14]} 73. Rxf4 {[%emt 0:00:23]} Kf7 {[%emt 0:00:26]} 74. g5 {[%emt 0:00:39]} Kg6 {[%emt 0:00:04]} 75. gxf6 {[%emt 0:00:54]} Kf7 {[%emt 0:00:04]} 76. Ke5 {[%emt 0:00:04]} Bb3 {[%emt 0:00:25]} 77. Rb4 {[%emt 0:00:09]} Ba2 {[%emt 0:00:10]} 78. Kf5 {[%emt 0:00:20]} Bd5 {[%emt 0:00:38]} 79. Rb6 {[%emt 0:00:27]} Bc4 {[%emt 0:00:27]} 80. Rb7+ {[%emt 0:00:27]} Kf8 {[%emt 0:00:05]} 81. Rc7 {[%emt 0:00:03]} Ba2 {[%emt 0:00:37]} 82. Rc2 {[%emt 0:00:44]} Bb1 {[%emt 0:00:05]} 83. f7 {[%emt 0:00:19]} Kxf7 {[%emt 0:00:06]} 84. Ke5 {[%emt 0:00:02]} Bxc2 {[%emt 0:00:06]} 1/2-1/2

[Event "5th EKA IIFL Investment 2019"]
[Site "Mumbai"]
[Date "2019.12.31"]
[Round "2.39"]
[White "Tiwari, Arjun"]
[Black "Sundararajan, Kidambi"]
[Result "1/2-1/2"]
[WhiteElo "2101"]
[BlackElo "2414"]
[Annotator "ChessBase"]
[PlyCount "48"]
[EventDate "2019.12.30"]
[EventType "swiss"]
[EventCountry "IND"]
[SourceTitle "playchess.com"]
[Source "ChessBase"]
[SourceQuality "1"]
[TimeControl "40/5400+30:1800+30"]

1. e4 {[%emt 0:00:00]} e6 {[%emt 0:00:00]} 2. d3 {[%emt 0:00:00]} d5 {[%emt 0:00:15]} 3. Nd2 {[%emt 0:00:00]} c5 {[%emt 0:00:21]} 4. Ngf3 {[%emt 0:00:00]} Nc6 {[%emt 0:00:07]} 5. g3 {[%emt 0:00:01]} Bd6 {[%emt 0:00:42]} 6. Bg2 {[%emt 0:00:08]} Nge7 {[%emt 0:00:06]} 7. O-O {[%emt 0:00:06]} O-O {[%emt 0:00:15]} 8. Re1 {[%emt 0:00:34]} Bc7 {[%emt 0:01:08]} 9. c3 {[%emt 0:00:38]} b6 10. a3 {[%emt 0:04:56]} dxe4 {[%emt 0:06:29]} 11. dxe4 {[%emt 0:00:40]} a5 {[%emt 0:03:10]} 12. a4 {[%emt 0:01:43]} Ba6 {[%emt 0:05:51]} 13. Bf1 {[%emt 0:03:02]} Bxf1 {[%emt 0:01:04]} 14. Kxf1 {[%emt 0:00:17]} e5 {[%emt 0:08:28]} 15. Nc4 {[%emt 0:03:22]} Qc8 {[%emt 0:00:20]} 16. Kg2 {[%emt 0:02:22]} Qe6 {[%emt 0:01:31]} 17. Qb3 {[%emt 0:06:58]} h6 {[%emt 0:06:48]} 18. Nfd2 {[%emt 0:02:26]} Rad8 {[%emt 0:04:05]} 19. Na3 {[%emt 0:11:45]} Qg6 {[%emt 0:05:08]} 20. Nb5 {[%emt 0:02:10]} Bb8 {[%emt 0:00:34]} 21. Nc4 {[%emt 0:03:17]} Nc8 {[%emt 0:08:53]} 22. Nba3 {[%emt 0:22:07]} Bc7 {[%emt 0:00:47]} 23. Nb5 {[%emt 0:00:11]} Bb8 {[%emt 0:00:16]} 24. Nba3 {[%emt 0:00:07]} Bc7 {[%emt 0:09:32]} 1/2-1/2